Clic Académiciens ou Non ? (2) - Statistiques

Statistiques générales
  • Ce quiz a été pris 8 fois
  • Le résultat moyen est 14 sur 30
Statistiques - réponses
Hint Réponse % Correct
Alain Peyrefitte (1925-1999) Académicien(ne)
100%
Jacques-Yves Cousteau (1910-1997) Académicien(ne)
80%
Thomas Corneille (1625-1709) Académicien(ne)
80%
Charles-Augustin Sainte-Beuve (1804-1869) Académicien(ne)
80%
Jean-Marie Lustiger (1926-2007) Académicien(ne)
80%
Max Gallo (1932-2017) Académicien(ne)
80%
Joseph Kessel (1898-1979) Académicien(ne)
80%
Alphonse Juin (1888-1967) Académicien(ne)
80%
Georges Clemenceau (1841-1929) Académicien(ne)
80%
Fénelon (1651-1715) Académicien(ne)
80%
Maurice Druon (1918-2009) Académicien(ne)
60%
Sully Prudhomme (1839-1907) Académicien(ne)
60%
Nicolas de Condorcet (1743-1794) Académicien(ne)
60%
François Cheng (1929) Académicien(ne)
40%
Prosper Mérimée (1803-1870) Académicien(ne)
40%
Antoine François Prévost (1697-1763) Pas Académicien(ne)
40%
Edgar Quinet (1803-1872) Pas Académicien(ne)
40%
Paul Scarron (1610-1660) Pas Académicien(ne)
20%
Marcel Aymé (1902-1967) Pas Académicien(ne)
20%
Molière (1622-1673) Pas Académicien(ne)
20%
Napoléon Ier (1769-1821) Pas Académicien(ne)
20%
Alphonse Allais (1854-1905) Pas Académicien(ne)
20%
Guy de Maupassant (1850-1893) Pas Académicien(ne)
20%
Louis Aragon (1897-1982) Pas Académicien(ne)
20%
Georges Feydeau (1862-1921) Pas Académicien(ne)
20%
Jules Barbey d'Aurevilly (1808-1889) Pas Académicien(ne)
20%
Sacha Guitry (1885-1957) Pas Académicien(ne)
20%
Denis Diderot (1713-1784) Pas Académicien(ne)
20%
Nicolas Malebranche (1638-1715) Pas Académicien(ne)
20%
George Sand (1804-1876) Pas Académicien(ne)
20%
Aucun quiz correspondant
Distribution des résultats
% des personnes avec chaque résultat
Percentile par nombre de réponses
Votre historique - résultats
Vous n’avez pas pris ce quiz